| 000 | 00770nam a2200217 i 4500 | ||
|---|---|---|---|
| 003 | DO-SdBNP | ||
| 005 | 20230830152805.0 | ||
| 006 | a||||br|||| 00| 0 | ||
| 007 | ta | ||
| 008 | 230830n190? dr a|||| |||| 00| 0 spa d | ||
| 040 |
_aDO-SdBNP _bspa _cBNPHU _erda |
||
| 082 | 4 |
_222 _bF962ma |
|
| 245 |
_aLa matemática en la vida diaria : _b4º. grado. / _cAndrés Arístides Fulcar Berigüete, Luis Humberto Monsanto Pérez |
||
| 246 |
_aLa matemática en la vida diaria : _bcuarto grado. |
||
| 264 |
_aSanto Domingo : _bDisesa, _c[190?] |
||
| 590 | _aInventariado 2023 / MF | ||
| 650 | 4 |
_aMatemáticas _xEnseñanza _xLibros de Texto _943578 |
|
| 650 | 4 |
_aMatemáticas _xLibros de textos _936517 |
|
| 700 | 1 |
_aMonsanto Pérez, Luis Humberto, _982019 _eautor |
|
| 942 |
_2ddc _cLBS1 |
||
| 999 |
_c54576 _d54576 |
||